<?xml version="1.0" encoding="UTF-8"?>
<record
    xmlns:xsi="http://www.w3.org/2001/XMLSchema-instance"
    xsi:schemaLocation="http://www.loc.gov/MARC21/slim http://www.loc.gov/standards/marcxml/schema/MARC21slim.xsd"
    xmlns="http://www.loc.gov/MARC21/slim">

  <leader>03874Cam#a22004455a#4500</leader>
  <controlfield tag="003">AR-RoUNA</controlfield>
  <controlfield tag="005">20260408062853.0</controlfield>
  <controlfield tag="008">140529s2014||||ag|||||f     a||1 0|spa d</controlfield>
  <datafield tag="040" ind1=" " ind2=" ">
    <subfield code="a">AR-RoUNA</subfield>
    <subfield code="b">spa</subfield>
    <subfield code="d">AR-RoUNA</subfield>
  </datafield>
  <datafield tag="041" ind1=" " ind2=" ">
    <subfield code="a">spa</subfield>
  </datafield>
  <datafield tag="044" ind1=" " ind2=" ">
    <subfield code="a">ag</subfield>
  </datafield>
  <datafield tag="100" ind1=" " ind2=" ">
    <subfield code="a">Mateos, Alicia</subfield>
    <subfield code="9">3313</subfield>
  </datafield>
  <datafield tag="245" ind1="1" ind2="0">
    <subfield code="a">La articulaci&#xF3;n de las Pol&#xED;ticas Habitacionales en el marco de las Pol&#xED;ticas Urban&#xED;sticas.</subfield>
    <subfield code="b">El Rol del SPV</subfield>
    <subfield code="c">/ Alicia Mateos</subfield>
  </datafield>
  <datafield tag="260" ind1=" " ind2=" ">
    <subfield code="a">Rosario :</subfield>
    <subfield code="b">CURDIUR;  Centro Universitario Rosario de Investigaciones Urbanas y Regionales.</subfield>
    <subfield code="c">1999.</subfield>
  </datafield>
  <datafield tag="300" ind1=" " ind2=" ">
    <subfield code="a">13 p. ;</subfield>
    <subfield code="b">tablas</subfield>
    <subfield code="b">planos</subfield>
    <subfield code="c">29x21 cm.</subfield>
  </datafield>
  <datafield tag="490" ind1=" " ind2=" ">
    <subfield code="a">Cuadernos del CURDIUR </subfield>
    <subfield code="v">v. 63</subfield>
  </datafield>
  <datafield tag="504" ind1=" " ind2=" ">
    <subfield code="a">p. 14.</subfield>
  </datafield>
  <datafield tag="505" ind1="0" ind2=" ">
    <subfield code="t">INDICE</subfield>
  </datafield>
  <datafield tag="505" ind1="0" ind2=" ">
    <subfield code="t">INTRODUCCION</subfield>
  </datafield>
  <datafield tag="505" ind1="0" ind2=" ">
    <subfield code="t">LAS POLITICAS PUBLICAS DE VIVIENDA APLICADAS EN LA CIUDAD EN LOS ULTIMOS 20 A&#xD1;OS</subfield>
  </datafield>
  <datafield tag="505" ind1="0" ind2=" ">
    <subfield code="a">Pol&#xED;ticas de viviendas durante la dictadura militar. p. 3</subfield>
  </datafield>
  <datafield tag="505" ind1="0" ind2=" ">
    <subfield code="a">Los primeros a&#xF1;os de la democracia. p. 4.</subfield>
  </datafield>
  <datafield tag="505" ind1="0" ind2=" ">
    <subfield code="a">El momento actual. p. 4   </subfield>
  </datafield>
  <datafield tag="505" ind1="0" ind2=" ">
    <subfield code="a">Breve balance de las pol&#xED;ticas p&#xFA;blicas en materia de vivienda. p. 5</subfield>
  </datafield>
  <datafield tag="505" ind1="0" ind2=" ">
    <subfield code="t">LA GESTION DEL SPV EN LOS ULTIMOS A&#xD1;OS </subfield>
  </datafield>
  <datafield tag="505" ind1="0" ind2=" ">
    <subfield code="a">La pol&#xED;tica habitacional del SPV. p. 9   </subfield>
  </datafield>
  <datafield tag="505" ind1="0" ind2=" ">
    <subfield code="a">Los programas desarrollados. p. 9.   </subfield>
  </datafield>
  <datafield tag="505" ind1="0" ind2=" ">
    <subfield code="a">El programa "Convivencia". p. 10</subfield>
  </datafield>
  <datafield tag="505" ind1="0" ind2=" ">
    <subfield code="t">SOBRE LA POTENCIAL CAPACIDAD DEL SPV PARA ARTICULAR LAS POLITICAS DE VIVIENDA</subfield>
  </datafield>
  <datafield tag="505" ind1="0" ind2=" ">
    <subfield code="t">FUENTES DOCUMENTALES</subfield>
  </datafield>
  <datafield tag="520" ind1="3" ind2=" ">
    <subfield code="a">El trabajo citado indaga particularmente sobre las siguientes cuestiones: 1- El impacto real de las pol&#xED;ticas implementadas en las dimensiones socio-economica y f&#xED;sico-ambiental. 2- El grado de articulaci&#xF3;n o de desarticulaci&#xF3;n de estas pol&#xED;ticas sectoriales para operar sobre grupos definidos de demanda  o sobre determinadas porciones del espacio urbano. 3- El grado de correspondencia o implicaci&#xF3;n de las pol&#xED;ticas sectoriales desarrolladas con las pol&#xED;ticas urbanas definidas desde el gobierno del Municipio de Rosario (en particular con las pol&#xED;ticas urban&#xED;sticas explicitadas hasta el presente por el Plan Director) y 4- Las posibilidades de articulaci&#xF3;n de acciones, proporcionadas por ciertas instancias institucionales, en materia habitacional. El presente trabajo se instala precisamente en esta l&#xED;nea y,pretende constituir un aporte concreto en t&#xE9;rminos de explicaci&#xF3;n de las hip&#xF3;tesis que se desprenden del trabajo desarrollado en el primer punto de partida, en el contexto de un trabajo interdisciplinario, donde sin duda est&#xE1;s hip&#xF3;tesis podr&#xE1;n ser recreadas y profundizadas. Se aborda en primer lugar, una caracterizaci&#xF3;n general de las pol&#xED;ticas de vivienda desarrolladas en Rosario durante los &#xFA;ltimos 20 a&#xF1;os, haciendo especial &#xE9;nfasis en la interpretaci&#xF3;n de su impacto urban&#xED;stico  y su relaci&#xF3;n con las pol&#xED;ticas de desarrollo y transformaci&#xF3;n de la ciudad de desarrollo y transformaci&#xF3;n de la ciudad formuladas desde el municipio. En ester marco se intenta colocar, en segundo t&#xE9;rmico, la gesti&#xF3;n desarrolladas por el SPV en los &#xFA;ltimos a&#xF1;os: una gesti&#xF3;n marcada por un cambio de perfil institucional, por una pol&#xED;tica de gesti&#xF3;n "proactiva" y por lo que se interpreta como un "significativo progreso" en la visi&#xF3;n del problema habitacional, factores que habilitan la especulaci&#xF3;n acerca del rol que este organismo ser&#xED;a capaz de cumplir en el marco de una pol&#xED;tica habitacional pensada desde una visi&#xF3;n integral de cualificaci&#xF3;n de la ciudad.</subfield>
  </datafield>
  <datafield tag="610" ind1="2" ind2="4">
    <subfield code="a">Universidad Nacional de Rosario. Facultad de Arquitectura, Planeamiento y Dise&#xF1;o.</subfield>
    <subfield code="b">CURDIUR (Centro Universitario Rosario de Investigaciones Urbanas y Regionales).</subfield>
    <subfield code="9">2924</subfield>
  </datafield>
  <datafield tag="650" ind1=" " ind2="4">
    <subfield code="a">Urbanismo</subfield>
  </datafield>
  <datafield tag="650" ind1=" " ind2="4">
    <subfield code="a">Pol&#xED;tica habitacional</subfield>
  </datafield>
  <datafield tag="651" ind1=" " ind2="0">
    <subfield code="a">Rosario (Santa Fe, Argentina)</subfield>
    <subfield code="9">1246</subfield>
  </datafield>
  <datafield tag="908" ind1=" " ind2=" ">
    <subfield code="a">Imp</subfield>
  </datafield>
  <datafield tag="942" ind1=" " ind2=" ">
    <subfield code="c">LIB</subfield>
    <subfield code="2">udc</subfield>
  </datafield>
  <datafield tag="945" ind1=" " ind2=" ">
    <subfield code="d">2023-10-25</subfield>
  </datafield>
  <datafield tag="980" ind1=" " ind2=" ">
    <subfield code="8"></subfield>
    <subfield code="g">CRON CRON</subfield>
    <subfield code="6">5</subfield>
    <subfield code="a">Mar&#xED;a Machado</subfield>
  </datafield>
  <datafield tag="999" ind1=" " ind2=" ">
    <subfield code="c">12351</subfield>
    <subfield code="d">12351</subfield>
  </datafield>
  <datafield tag="952" ind1=" " ind2=" ">
    <subfield code="0">0</subfield>
    <subfield code="1">0</subfield>
    <subfield code="2">udc</subfield>
    <subfield code="4">0</subfield>
    <subfield code="7">0</subfield>
    <subfield code="a">CURDIUR</subfield>
    <subfield code="b">CURDIUR</subfield>
    <subfield code="d">2026-03-03</subfield>
    <subfield code="l">0</subfield>
    <subfield code="p">LCUR-0358</subfield>
    <subfield code="t">ej. 1</subfield>
    <subfield code="y">LIB</subfield>
    <subfield code="x"></subfield>
  </datafield>
  <datafield tag="952" ind1=" " ind2=" ">
    <subfield code="0">0</subfield>
    <subfield code="1">0</subfield>
    <subfield code="2">udc</subfield>
    <subfield code="4">0</subfield>
    <subfield code="7">0</subfield>
    <subfield code="a">AR-RoUNA</subfield>
    <subfield code="b">AR-RoUNA</subfield>
    <subfield code="c">Mos</subfield>
    <subfield code="d">2026-03-11</subfield>
    <subfield code="e">Don</subfield>
    <subfield code="l">0</subfield>
    <subfield code="p">18449</subfield>
    <subfield code="t">ej. 1</subfield>
    <subfield code="y">LIB</subfield>
    <subfield code="x"></subfield>
  </datafield>
</record>
